000 00311nam a2200133Ia 4500
005 20251222144916.0
008 251222s9999||||xx |||||||||||||| ||spa||
020 _a968-19-0524-5
082 _a868.89/S26V/Ej.2
100 _aSaramago, José
245 0 _aViaje a Portugal
264 _bAlfaguara
942 _cLIB
999 _c22531
_d22531